LDR 00957naa#a2200169#i#450# 001 RU\INFRA-M\bibl\122267 005 20260515125916.5 011 ## _a2500-3305 100 ## _a20260227b2026####ek#y0rusy0150####ca 102 ## _aRU 200 1# _aВоспитание патриотизма на уроках литературного чтения и сформированность ценностного отношения к Родине у четвероклассников _eЖурнальная статья 210 1# _aМосква _cОбщество с ограниченной ответственностью «Научно-издательский центр ИНФРА-М» _d2026 215 ## _a8 с. 608 ## _aЖурнальная статья _2local 675 ## _aЯзыкознание. Филология. Художественная литература. Литературоведение. 8 _z 700 #1 _aБелоруссова _gС. А. 856 4# _anaukaru.ru _u